000 00334nam a22001457a 4500
008 210521b ||||| |||| 00| 0 eng d
020 _a9780393936704
041 _aeng
080 _a541
082 _a541
100 _a12
101 _aKIM
245 _aInstructor's Solutions Manual Chemistry
_cKaren S. Brewer
942 _2udc
_cBK
999 _c57606
_d57606